000 00396nam a2200121Ia 4500
008 160712s9999 xx 000 0 und d
100 _aLacuesta, Angelo .
245 _cAngelo Lacuesta
_aSiren
260 _c2012
_bLikhaan: The Journal of Contemporary Philippine Literature
300 _avol. 6
650 _xSHORT STORY
856 _uhttp://journals.upd.edu.ph/index.php/lik/issue/view/536/showToc
999 _c297486
_d297486